La elegía erótica romana: el amor, la poesía y el occidente
Na minha lista:
| Autor principal: | |
|---|---|
| Formato: | Livro |
| Idioma: | espanhol |
| Publicado em: |
Ciudad de México
Fondo de Cultura Económica
1991
|
| Colecção: | Sección de Obras de Lengua y Estudios Literarios
|
| Assuntos: | |
| Tags: |
Adicionar Tag
Sem tags, seja o primeiro a adicionar uma tag!
|
MARC
| LEADER | 00000nam a2200000 a 4500 | ||
|---|---|---|---|
| 001 | UCR4033 | ||
| 003 | CL-VaPUC | ||
| 008 | 980307e19910000MX |||||||||||||||||spa|d | ||
| 082 | 0 | 4 | |a 871 |b VEY |2 21 |
| 100 | 0 | |a Veyne, Paul |e author |9 403573 | |
| 245 | 1 | 3 | |a La elegía erótica romana: el amor, la poesía y el occidente |
| 300 | |a 256 p | ||
| 942 | |c BK | ||
| 945 | |d 19980307 00:00:00 |a rleighto | ||
| 260 | |a Ciudad de México |b Fondo de Cultura Económica |c 1991 | ||
| 650 | 7 | |a POESIAS LATINAS |2 CL-VaPUC |9 403574 | |
| 650 | 0 | |a Elegías |9 403575 | |
| 583 | |a last modification |c 19980307 00:00:00 |k Rodrigo Vera | ||
| 490 | 0 | |a Sección de Obras de Lengua y Estudios Literarios | |
| 999 | |c 267000 |d 266998 | ||
| 952 | |0 0 |1 0 |4 0 |6 871_000000000000000_VEY_1991 |7 0 |8 A |9 299083 |a BIBART |b BIBART |d 2019-11-20 |i 339302K |o 871 VEY 1991 |p 339302K |r 2025-03-13 |w 2019-11-20 |y BK |k ART | ||